[Event "DEM U12w 2017"]
[Site "Willingen GER"]
[Date "2017.06.04"]
[Round "1"]
[White "Evering, Enna"]
[Black "Ziegenfuß, Antonia"]
[Result "0-1"]
[Termination "normal"]
[Board "1"]
[WhiteElo "1419"]
[BlackElo "1911"]
[WhiteClock "00:16:07"]
[BlackClock "00:40:31"]
[PlyCount "120"]
[WhiteFideId "16218213"]
[BlackFideId "12962554"]
[EventCountry "GER"]
[EventRounds "11"]
[EventType "swiss"]
[EventDate "2017.06.03"]

1. e4 c5 2. Nf3 e6 3. c3 Nf6 4. e5 Nd5 5. d4 cxd4 6. cxd4 b6 7. Bc4 Bb7 8. O-O
Be7 9. Re1 Qc7 10. Bb3 O-O 11. Qd3 Nb4 12. Qc3 Qxc3 13. bxc3 Nd3 14. Rd1 Nxc1
15. Rxc1 Bxf3 16. gxf3 Rc8 17. f4 g5 18. fxg5 Bxg5 19. Rc2 a6 20. Nd2 Bxd2 21.
Rxd2 Rxc3 22. Kh1 Nc6 23. Rg1+ Kh8 24. f4 Rg8 25. Rxg8+ Kxg8 26. d5 Na5 27.
dxe6 dxe6 28. Rc2 Rxc2 29. Bxc2 Nc4 30. Bd3 b5 31. a4 Na3 32. axb5 axb5 33. Be2
b4 34. Bd1 Nc4 35. Kg1 Nd2 36. Kf2 b3 37. Bxb3 Nxb3 38. Kg3 Kg7 39. Kg4 Kg6 40.
h4 h5+ 41. Kg3 Kf5 42. Kf3 Nd4+ 43. Ke3 Kg4 44. Kxd4 Kxh4 45. Kc5 Kg4 46. Kd6
h4 47. Ke7 Kxf4 48. Kxf7 Kxe5 49. Kg6 h3 50. Kg5 h2 51. Kg4 h1=Q 52. Kg3 Qg1+
53. Kf3 Qf1+ 54. Ke3 Qf4+ 55. Kd3 Qd4+ 56. Kc2 Qe3 57. Kb2 Kd4 58. Kc2 Qc3+ 59.
Kd1 Qb2 60. Ke1 Ke3 0-1

[Event "DEM U12w 2017"]
[Site "Willingen GER"]
[Date "2017.06.04"]
[Round "1"]
[White "Bashylina, Luisa"]
[Black "Zöllner, Bente"]
[Result "1-0"]
[Termination "normal"]
[Board "2"]
[WhiteElo "1525"]
[BlackElo "1397"]
[WhiteClock "00:09:53"]
[BlackClock "00:09:49"]
[PlyCount "107"]
[WhiteFideId "12983292"]
[BlackFideId "16230523"]
[EventCountry "GER"]
[EventRounds "11"]
[EventType "swiss"]
[EventDate "2017.06.03"]

1. e4 c5 2. Nf3 Nc6 3. Bb5 g6 4. Bxc6 bxc6 5. d4 cxd4 6. Qxd4 Nf6 7. O-O Bg7 8.
Qd3 O-O 9. Nc3 Qa5 10. Re1 Ba6 11. Qd1 Rab8 12. Nd4 Rb4 13. Nb3 Qe5 14. Qf3 Nd5
15. Nxd5 cxd5 16. Nc5 Bb5 17. c3 Rc4 18. Bf4 dxe4 19. Nxe4 Qf5 20. Bg3 Qxf3 21.
gxf3 d6 22. Nd2 Rc7 23. Nb3 Rb8 24. Nd4 Bxd4 25. cxd4 Bc6 26. Rac1 Rxb2 27. d5
Rxa2 28. Rxc6 Rc2 29. Rxc2 Rxc2 30. Rxe7 a5 31. Bxd6 Rd2 32. Be5 f6 33. d6 Kf8
34. Bf4 Rd4 35. Re4 Rd1+ 36. Kg2 g5 37. Be3 Kg8 38. Rd4 Rb1 39. d7 Rb8 40.
d8=Q+ Rxd8 41. Rxd8+ Kf7 42. Ra8 g4 43. fxg4 Kg6 44. Rxa5 h6 45. Rh5 f5 46.
Rxh6+ Kg7 47. gxf5 Kf7 48. f6 Ke6 49. Bd4 Kf7 50. Rh7+ Kg8 51. Ra7 Kf8 52. Bc5+
Ke8 53. f7+ Kd8 54. f8=Q# 1-0

[Event "DEM U12w 2017"]
[Site "Willingen GER"]
[Date "2017.06.04"]
[Round "1"]
[White "Breß, Amy Charlize"]
[Black "Dietz, Kristin"]
[Result "0-1"]
[Termination "normal"]
[Board "3"]
[WhiteElo "1655"]
[BlackElo "1733"]
[WhiteClock "00:16:04"]
[BlackClock "00:58:57"]
[PlyCount "68"]
[WhiteFideId "16233786"]
[BlackFideId "12993743"]
[EventCountry "GER"]
[EventRounds "11"]
[EventType "swiss"]
[EventDate "2017.06.03"]

1. e4 c5 2. Nf3 d6 3. d4 cxd4 4. Nxd4 Nf6 5. Nc3 e6 6. Be3 Be7 7. Be2 O-O 8.
O-O Nc6 9. Qd2 Re8 10. Rfd1 Qa5 11. a3 a6 12. b4 Qc7 13. Rdb1 Bd7 14. a4 Rec8
15. Nxc6 Qxc6 16. Rb3 Nxe4 17. Nxe4 Qxe4 18. Bd3 Qc6 19. a5 Qd5 20. Re1 Bb5 21.
Rc1 Bxd3 22. Rxd3 Qb5 23. c3 d5 24. Bd4 Bxb4 25. cxb4 Rxc1+ 26. Qxc1 Qxd3 27.
Be3 Qc4 28. Qxc4 dxc4 29. Kf1 Rd8 30. Ke2 c3 31. f3 c2 32. Bc1 Rd1 33. Be3 c1=Q
34. Bxc1 Rxc1 0-1

[Event "DEM U12w 2017"]
[Site "Willingen GER"]
[Date "2017.06.04"]
[Round "1"]
[White "Reuter, Elisa"]
[Black "Wiemann, Vanessa"]
[Result "1-0"]
[Termination "normal"]
[Board "4"]
[WhiteElo "1655"]
[BlackElo "1305"]
[WhiteClock "00:17:42"]
[BlackClock "00:11:29"]
[PlyCount "115"]
[WhiteFideId "12995444"]
[BlackFideId "12942987"]
[EventCountry "GER"]
[EventRounds "11"]
[EventType "swiss"]
[EventDate "2017.06.03"]

1. e4 e5 2. Nf3 Nc6 3. Bc4 Bc5 4. c3 Nf6 5. d3 d6 6. O-O O-O 7. Bb3 a6 8. h3 h6
9. Re1 Be6 10. Nbd2 Qd7 11. Nf1 Bb6 12. Be3 Rfc8 13. Bxb6 cxb6 14. Ne3 Ne7 15.
Nh4 b5 16. Qf3 Rab8 17. Bd1 Rd8 18. Bb3 Kh8 19. Rad1 Kg8 20. d4 Qc8 21. dxe5
dxe5 22. Rxd8+ Qxd8 23. Rd1 Qe8 24. Nhf5 Nxf5 25. Nxf5 Bxf5 26. Qxf5 Qe7 27.
Rd3 Re8 28. Rg3 Kh8 29. Rf3 Rf8 30. g4 a5 31. g5 hxg5 32. Qxg5 Ng8 33. Qxe7
Nxe7 34. Rxf7 Rxf7 35. Bxf7 g5 36. Bd5 Nxd5 37. exd5 Kg8 38. Kg2 Kf7 39. Kf3
Ke7 40. Ke4 Kd6 41. b4 b6 42. a3 a4 43. f3 Kd7 44. Kxe5 Ke7 45. f4 gxf4 46.
Kxf4 Kd6 47. Ke4 Kd7 48. h4 Ke7 49. h5 Kf6 50. h6 Kg6 51. d6 Kxh6 52. d7 Kg6
53. d8=Q Kg7 54. Qd6 Kg8 55. Qe7 Kh8 56. Kf5 Kg8 57. Kg6 Kh8 58. Qf8# 1-0

[Event "DEM U12w 2017"]
[Site "Willingen GER"]
[Date "2017.06.04"]
[Round "1"]
[White "Karlinger De la Quintana, Ainhoa"]
[Black "Butenandt, Svenja"]
[Result "0-1"]
[Termination "normal"]
[Board "5"]
[WhiteElo "1344"]
[BlackElo "1473"]
[WhiteClock "00:07:18"]
[BlackClock "00:03:55"]
[PlyCount "120"]
[WhiteFideId "16217268"]
[BlackFideId "12993859"]
[EventCountry "GER"]
[EventRounds "11"]
[EventType "swiss"]
[EventDate "2017.06.03"]

1. c4 e6 2. Nc3 Nf6 3. g3 d5 4. cxd5 exd5 5. Bg2 c6 6. e3 Nbd7 7. Nge2 Bd6 8.
O-O O-O 9. d4 Nb6 10. e4 dxe4 11. Nxe4 Nxe4 12. Bxe4 Nd5 13. Bg2 Bg4 14. Qd3
Re8 15. Nc3 Nxc3 16. Qxc3 Bc7 17. Be3 Qd7 18. Rac1 Bb6 19. Rc2 Bh3 20. Rd2 Bxg2
21. Kxg2 Qd5+ 22. Kg1 Qxa2 23. b3 Qa5 24. b4 Qd5 25. Rd3 Rad8 26. Rfd1 Rd7 27.
h4 Red8 28. Kh2 Qb5 29. Bg5 f6 30. Be3 a5 31. Qb3+ Kf8 32. bxa5 Qxb3 33. Rxb3
Bxa5 34. Ra1 Bc7 35. Kh3 Bd6 36. Rb6 Rb8 37. Ra7 Ke8 38. Kg4 Kd8 39. Kf5 Re7
40. d5 Kc7 41. dxc6 Rxe3 42. fxe3 Kxb6 43. Rxb7+ Rxb7 44. cxb7 Kxb7 45. g4 Bg3
46. h5 Bh4 47. Ke6 g6 48. hxg6 hxg6 49. Kf7 Kc6 50. Kxg6 Kd5 51. Kf5 Bg5 52.
e4+ Kd4 53. e5 fxe5 54. Kxg5 e4 55. Kf4 e3 56. Kf3 Kd3 57. g5 e2 58. g6 e1=Q
59. g7 Qf1+ 60. Kg4 Qg2+ 0-1

[Event "DEM U12w 2017"]
[Site "Willingen GER"]
[Date "2017.06.04"]
[Round "1"]
[White "Peglau, Mirjam"]
[Black "Schneider, Anna"]
[Result "1-0"]
[Termination "normal"]
[Board "6"]
[WhiteElo "1579"]
[BlackElo "1412"]
[WhiteClock "00:40:13"]
[BlackClock "00:36:27"]
[PlyCount "117"]
[WhiteFideId "16211138"]
[BlackFideId "16200527"]
[EventCountry "GER"]
[EventRounds "11"]
[EventType "swiss"]
[EventDate "2017.06.03"]

1. e4 e5 2. Nf3 Nc6 3. Bc4 Bc5 4. b4 Bb6 5. c3 d6 6. Qb3 Qe7 7. d3 h6 8. Be3
Nf6 9. O-O O-O 10. a4 a6 11. Bxb6 cxb6 12. Nbd2 Be6 13. Rfe1 Rac8 14. d4 Bxc4
15. Nxc4 b5 16. axb5 axb5 17. Ncd2 Qd7 18. Rad1 Ne7 19. dxe5 dxe5 20. Nxe5 Qc7
21. Nef3 Qxc3 22. Qxc3 Rxc3 23. Nd4 Nc6 24. Nxc6 bxc6 25. Rc1 Rd3 26. Nf1 Rc8
27. f3 Rb3 28. Rb1 Rxb1 29. Rxb1 Nd7 30. Rd1 Ne5 31. Ne3 g5 32. Kf1 c5 33. Rd5
Nc4 34. Nxc4 bxc4 35. Rxc5 Rxc5 36. bxc5 Kf8 37. Ke2 Ke7 38. Kd2 Kd7 39. Kc3
Kc6 40. Kxc4 Kc7 41. Kd5 Kd7 42. c6+ Kc7 43. e5 Kc8 44. Kd6 Kd8 45. c7+ Kc8 46.
Ke7 Kxc7 47. Kxf7 Kd7 48. e6+ Kd6 49. e7 Kd5 50. e8=Q Kd4 51. Qe4+ Kc5 52. Qd3
Kc6 53. Ke6 Kc5 54. Ke5 Kc6 55. Qd5+ Kb6 56. Kd6 Ka7 57. Qb5 h5 58. Kc7 g4 59.
Qa5# 1-0

[Event "DEM U12w 2017"]
[Site "Willingen GER"]
[Date "2017.06.04"]
[Round "1"]
[White "Adelhardt, Lisa"]
[Black "Stowicek, Yara Mathilda"]
[Result "1/2-1/2"]
[Termination "normal"]
[Board "7"]
[WhiteElo "1324"]
[BlackElo "1455"]
[PlyCount "60"]
[WhiteFideId "16235380"]
[BlackFideId "16203569"]
[EventCountry "GER"]
[EventRounds "11"]
[EventType "swiss"]
[EventDate "2017.06.03"]

1. e4 e5 2. Nf3 Nc6 3. Bc4 Nf6 4. d3 Bc5 5. Nc3 d6 6. Bg5 h6 7. Bh4 g5 8. Nxg5
hxg5 9. Bxg5 Rg8 10. h4 Be6 11. Qf3 Rg6 12. Qg3 Qd7 13. Bxe6 Qxe6 14. Nd5 Nxd5
15. exd5 Qxd5 16. h5 Rg8 17. h6 Qe6 18. h7 Rh8 19. Qh4 Kd7 20. O-O-O Qxa2 21.
Bf6 Qa1+ 22. Kd2 Qxb2 23. Qc4 Bb4+ 24. Ke2 Nd4+ 25. Ke3 Nxc2+ 26. Kf3 Nd4+ 27.
Kg3 Ne2+ 28. Kf3 Nd4+ 29. Kg3 Ne2+ 30. Kf3 Nd4+ 1/2-1/2

[Event "DEM U12w 2017"]
[Site "Willingen GER"]
[Date "2017.06.04"]
[Round "1"]
[White "Oswald, Hannah"]
[Black "Hentschel, Lena"]
[Result "1-0"]
[Termination "normal"]
[Board "8"]
[WhiteElo "1502"]
[BlackElo "1305"]
[PlyCount "133"]
[WhiteFideId "16214960"]
[BlackFideId "16240324"]
[EventCountry "GER"]
[EventRounds "11"]
[EventType "swiss"]
[EventDate "2017.06.03"]

1. e4 e5 2. Nf3 Nc6 3. Bc4 Bc5 4. O-O d6 5. c3 Bg4 6. d3 h6 7. Nbd2 Nge7 8. Re1
O-O 9. h3 Bh5 10. Nf1 a6 11. Bb3 Qd7 12. Ng3 Bg6 13. Be3 Bxe3 14. Rxe3 Kh8 15.
Nh4 Nd8 16. Nxg6+ Nxg6 17. Nf5 Ne6 18. g3 Qd8 19. Qg4 Qg5 20. Qxg5 Nxg5 21. h4
Ne6 22. Bd5 c6 23. Bxe6 fxe6 24. Nxd6 b6 25. h5 Rad8 26. Nc4 b5 27. Na5 Ne7 28.
Nb7 Ra8 29. Nc5 Rf6 30. Nd7 Rf7 31. Nxe5 Rff8 32. Rf3 Rf6 33. Rxf6 gxf6 34. Nd7
Kg7 35. d4 Ra7 36. Nc5 Kf7 37. Re1 e5 38. Re3 Ra8 39. dxe5 fxe5 40. Rf3+ Kg7
41. Nd7 Rd8 42. Nxe5 Re8 43. Rf7+ Kg8 44. Rf6 Kg7 45. Re6 c5 46. Rxa6 Rc8 47.
Ng4 Ng8 48. Rg6+ Kh7 49. Nf6+ Nxf6 50. Rxf6 Kg7 51. Rb6 b4 52. cxb4 cxb4 53.
Rxb4 Re8 54. a4 Ra8 55. b3 Ra5 56. Rb5 Ra6 57. a5 Kf7 58. b4 Ke7 59. Rb6 Kd7
60. Rxa6 Kc7 61. Rxh6 Kb7 62. Rb6+ Ka7 63. h6 Ka8 64. h7 Ka7 65. e5 Ka8 66.
h8=Q+ Ka7 67. Qb8# 1-0

[Event "DEM U12w 2017"]
[Site "Willingen GER"]
[Date "2017.06.04"]
[Round "1"]
[White "Erdösi, Anna"]
[Black "Liu, Sijia Anna"]
[Result "0-1"]
[Termination "normal"]
[Board "9"]
[WhiteElo "1321"]
[BlackElo "1529"]
[PlyCount "138"]
[WhiteFideId "12993883"]
[BlackFideId "12989746"]
[EventCountry "GER"]
[EventRounds "11"]
[EventType "swiss"]
[EventDate "2017.06.03"]

1. e4 c5 2. Nf3 Nc6 3. Nc3 g6 4. Be2 Bg7 5. O-O e6 6. d3 Nge7 7. Be3 Nd4 8. h3
O-O 9. Re1 d5 10. Bxd4 cxd4 11. Na4 Qa5 12. b3 dxe4 13. dxe4 d3 14. cxd3 Bxa1
15. Qxa1 Nc6 16. Nh2 Qe5 17. Qc1 h5 18. g4 Nd4 19. Bd1 Bd7 20. gxh5 gxh5 21.
Kh1 Kh7 22. Rg1 Rg8 23. h4 Rxg1+ 24. Kxg1 Rg8+ 25. Kh1 Qg7 26. Qg5 Qxg5 27.
hxg5 Rxg5 28. f4 Ra5 29. Nf1 Bxa4 30. bxa4 Kg6 31. Ne3 b5 32. axb5 Rxb5 33. a4
Rb1 34. Kg2 Rb2+ 35. Kg3 Ne2+ 36. Kf3 Nc3 37. f5+ exf5 38. exf5+ Kf6 39. d4 Rd2
40. Bb3 Rxd4 41. a5 Rb4 42. Bc4 Kg7 43. Kg3 Ne4+ 44. Kh4 Nd6 45. Kxh5 Nxc4 46.
Nd5 Rb5 47. Ne7 Rxa5 48. Kg4 Kf6 49. Ng8+ Ke5 50. f6 Rb5 51. Kh5 Nd6 52. Kh6 a5
53. Kg7 a4 54. Nh6 Rb7 55. Ng4+ Kf4 56. Nf2 Rb3 57. Nd1 a3 58. Kf8 a2 59. Ke7
a1=Q 60. Kxd6 Qxd1+ 61. Ke7 Rb7+ 62. Kf8 Qd8+ 63. Kg7 Ra7 64. Kh7 Ra1 65. Kg7
Qe8 66. Kh7 Rh1+ 67. Kg7 Rg1+ 68. Kh7 Qg8+ 69. Kh6 Qg6# 0-1

[Event "DEM U12w 2017"]
[Site "Willingen GER"]
[Date "2017.06.04"]
[Round "1"]
[White "Nguyen, Phuong Thao Vivien"]
[Black "Avetyan, Manan"]
[Result "1-0"]
[Termination "normal"]
[Board "10"]
[WhiteElo "1540"]
[BlackElo "1284"]
[PlyCount "92"]
[WhiteFideId "16210735"]
[BlackFideId "16244737"]
[EventCountry "GER"]
[EventRounds "11"]
[EventType "swiss"]
[EventDate "2017.06.03"]

1. e4 e5 2. Nf3 Nc6 3. Nc3 Bc5 4. Nxe5 Qf6 5. Nf3 Nge7 6. Bc4 Nd4 7. d3 d6 8.
h3 Nxf3+ 9. Qxf3 Qxf3 10. gxf3 Be6 11. Bb3 O-O-O 12. Bg5 Bxb3 13. axb3 f6 14.
Be3 Bxe3 15. fxe3 a6 16. Ne2 d5 17. Nf4 g5 18. Ne6 Rd6 19. Nc5 Rc6 20. d4 dxe4
21. fxe4 f5 22. Rg1 Rg8 23. c3 h5 24. exf5 g4 25. hxg4 hxg4 26. e4 Rh6 27. Kf2
Rh3 28. Rg3 Rh2+ 29. Rg2 g3+ 30. Kf3 Kb8 31. Rag1 Ka7 32. Rxh2 gxh2 33. Rh1 Rg1
34. Rxh2 Nc6 35. Rg2 Ra1 36. f6 Nd8 37. e5 b6 38. e6 Re1 39. f7 bxc5 40. f8=Q
Nxe6 41. Qf5 Kb6 42. dxc5+ Nxc5 43. Rg6+ c6 44. Kf2 Rb1 45. Qxb1 Nxb3 46. Qe4
Na5 1-0

[Event "DEM U12w 2017"]
[Site "Willingen GER"]
[Date "2017.06.04"]
[Round "1"]
[White "Jünk, Ellen"]
[Black "Reichelt, Lena"]
[Result "0-1"]
[Termination "normal"]
[Board "11"]
[WhiteElo "1446"]
[BlackElo "1467"]
[PlyCount "46"]
[WhiteFideId "16206487"]
[BlackFideId "12981184"]
[EventCountry "GER"]
[EventRounds "11"]
[EventType "swiss"]
[EventDate "2017.06.03"]

1. e4 e6 2. d4 d5 3. exd5 exd5 4. Bd3 Nf6 5. Ne2 Bd6 6. Bf4 O-O 7. O-O Re8 8.
Re1 Bg4 9. f3 Bh5 10. Bxd6 Qxd6 11. c3 Bg6 12. Bxg6 hxg6 13. Nd2 b6 14. Qc2 c5
15. b3 Nc6 16. a3 Rac8 17. Qb2 Rc7 18. c4 Rce7 19. dxc5 Qxc5+ 20. Kf1 Ne5 21.
Qc3 d4 22. Nxd4 Rd8 23. Ne2 Nd3 0-1

[Event "DEM U12w 2017"]
[Site "Willingen GER"]
[Date "2017.06.04"]
[Round "1"]
[White "Bayer, Melissa"]
[Black "Schulz, Hannah"]
[Result "1-0"]
[Termination "normal"]
[Board "12"]
[WhiteElo "1583"]
[BlackElo "1218"]
[PlyCount "59"]
[WhiteFideId "16206916"]
[BlackFideId "16244745"]
[EventCountry "GER"]
[EventRounds "11"]
[EventType "swiss"]
[EventDate "2017.06.03"]

1. e4 e5 2. Nf3 Nc6 3. Bb5 a6 4. Bxc6 dxc6 5. h3 Nf6 6. O-O Bd6 7. Re1 O-O 8.
c3 c5 9. d4 cxd4 10. cxd4 exd4 11. Qxd4 h6 12. e5 Bf5 13. exd6 cxd6 14. Bf4 d5
15. Nc3 Be6 16. Be5 Rc8 17. Rad1 Re8 18. Re2 b6 19. b3 Rc5 20. Red2 Rf8 21.
Bxf6 gxf6 22. Ne2 Re8 23. Qh4 Kh7 24. Nf4 Rg8 25. Nd4 Qe7 26. Re2 Rc7 27. Ndxe6
fxe6 28. Rxe6 Qf7 29. Rxf6 Qe8 30. Qxh6# 1-0

[Event "DEM U12w 2017"]
[Site "Willingen GER"]
[Date "2017.06.04"]
[Round "1"]
[White "Petersen, Sophie"]
[Black "Kalina, Lena"]
[Result "0-1"]
[Termination "normal"]
[Board "13"]
[WhiteElo "1498"]
[BlackElo "1454"]
[PlyCount "88"]
[WhiteFideId "16229380"]
[BlackFideId "12988014"]
[EventCountry "GER"]
[EventRounds "11"]
[EventType "swiss"]
[EventDate "2017.06.03"]

1. e4 c5 2. Nf3 Nc6 3. d3 g6 4. Nc3 Bg7 5. Be3 d6 6. g3 b6 7. Bg2 e6 8. O-O
Nge7 9. Qe2 Bb7 10. Bc1 Qd7 11. Rd1 O-O 12. Qe1 Nb4 13. Qd2 d5 14. a3 Nbc6 15.
Qe1 Rfd8 16. e5 Nf5 17. Bf4 Nfd4 18. Rac1 h6 19. h4 Nxf3+ 20. Bxf3 a6 21. Bg2
Qc7 22. Qd2 h5 23. Bg5 Re8 24. f4 Nd4 25. Qf2 Nf5 26. Bf6 Bf8 27. Re1 c4 28. d4
Nxd4 29. Kh1 Nf5 30. Bh3 d4+ 31. Ne4 Bxe4+ 32. Rxe4 Qc6 33. Bg2 Qc5 34. Ree1
Rac8 35. Qd2 Nxg3+ 36. Kh2 Nf5 37. c3 d3 38. Kh3 Rc7 39. Bf3 b5 40. Qg2 Bg7 41.
Red1 Ne3 42. Qg3 Nxd1 43. Bxh5 Bxf6 44. exf6 Qxh5 0-1

[Event "DEM U12w 2017"]
[Site "Willingen GER"]
[Date "2017.06.04"]
[Round "1"]
[White "Heutling, Elina"]
[Black "Becker, Linda"]
[Result "1-0"]
[Termination "normal"]
[Board "14"]
[WhiteElo "1461"]
[BlackElo "1142"]
[PlyCount "97"]
[WhiteFideId "16244729"]
[BlackFideId "16244753"]
[EventCountry "GER"]
[EventRounds "11"]
[EventType "swiss"]
[EventDate "2017.06.03"]

1. e4 e6 2. d4 d5 3. Nd2 Be7 4. Bd3 b6 5. Ne2 Ba6 6. Bxa6 Nxa6 7. c3 Qd7 8. O-O
c5 9. Re1 Qc6 10. exd5 exd5 11. Nf3 Nc7 12. Nf4 Ne6 13. Nxe6 fxe6 14. Bg5 Nf6
15. Qe2 Ne4 16. Bxe7 Kxe7 17. Ne5 Qe8 18. f3 Ng5 19. Qa6 Kf8 20. Rad1 h5 21.
Qb7 Kg8 22. h4 Nf7 23. Nxf7 Rh7 24. Ng5 Rh6 25. Re5 cxd4 26. Rxd4 Rf6 27. Rd2
Rf5 28. Rxf5 exf5 29. Qxd5+ Kh8 30. Nf7+ Kh7 31. Qxf5+ g6 32. Ng5+ Kh6 33. Qe4
Qf8 34. Rd7 Qg8 35. Rh7+ Qxh7 36. Nxh7 Kxh7 37. Qxa8 a5 38. Qb7+ Kg8 39. Qxb6
Kf7 40. c4 Ke7 41. c5 Kd7 42. c6+ Kc8 43. c7 g5 44. Qb8+ Kd7 45. c8=R Ke6 46.
Qb5 gxh4 47. Rc6+ Kd7 48. Qb7+ Kd8 49. Rc8# 1-0

[Event "DEM U12w 2017"]
[Site "Willingen GER"]
[Date "2017.06.04"]
[Round "1"]
[White "Fayngold, Sophie"]
[Black "Orlova, Alicia"]
[Result "0-1"]
[Termination "normal"]
[Board "15"]
[WhiteElo "1139"]
[BlackElo "1452"]
[PlyCount "78"]
[BlackFideId "34154563"]
[EventCountry "GER"]
[EventRounds "11"]
[EventType "swiss"]
[EventDate "2017.06.03"]

1. e4 e5 2. Nf3 Nc6 3. Bc4 Bc5 4. d3 d6 5. Nc3 Nf6 6. Bg5 h6 7. Bh4 g5 8. Bg3
Qe7 9. h3 Be6 10. Bb3 O-O-O 11. Qd2 Nd4 12. O-O-O Bb4 13. Kb1 g4 14. Ne1 gxh3
15. gxh3 Nd7 16. Nd5 Bxd5 17. Qxb4 Bxb3 18. cxb3 h5 19. f3 Qf6 20. Rf1 Rhg8 21.
Bf2 Nc6 22. Qc3 Nf8 23. Rc1 Ne6 24. b4 a6 25. Be3 Rg3 26. Rh1 d5 27. exd5 Rxd5
28. Qc4 Rd7 29. b5 axb5 30. Qxb5 Ned4 31. Qa4 Nb8 32. h4 Qa6 33. Qb4 f6 34. Qc3
Nbc6 35. Qd2 Nxf3 36. Nxf3 Rxf3 37. Qe2 Qxd3+ 38. Qxd3 Rxd3 39. Bc5 Rh3 0-1

[Event "DEM U12w 2017"]
[Site "Willingen GER"]
[Date "2017.06.04"]
[Round "1"]
[White "Pflugradt, Natalie"]
[Black "Zixin, Li"]
[Result "1-0"]
[Termination "normal"]
[Board "16"]
[WhiteElo "1485"]
[BlackElo "1094"]
[PlyCount "47"]
[WhiteFideId "16212444"]
[BlackFideId "16244770"]
[EventCountry "GER"]
[EventRounds "11"]
[EventType "swiss"]
[EventDate "2017.06.03"]

1. e4 e5 2. Nf3 Nc6 3. Bc4 Bc5 4. c3 Nf6 5. d4 exd4 6. cxd4 Bb4+ 7. Bd2 Nxe4 8.
Bxb4 Nxb4 9. Bxf7+ Kxf7 10. Qb3+ d5 11. Qxb4 Re8 12. O-O Kg8 13. Nbd2 Bf5 14.
Rad1 Rb8 15. Qb3 c6 16. Rfe1 Qf6 17. Ne5 Nxd2 18. Rxd2 Qg5 19. Rde2 Bh3 20.
Qxh3 Kf8 21. Nd7+ Kf7 22. Qf3+ Kg6 23. Ne5+ Rxe5 24. Rxe5 1-0

[Event "DEM U12w 2017"]
[Site "Willingen GER"]
[Date "2017.06.04"]
[Round "1"]
[White "Derling, Charlotte"]
[Black "Doll, Rebecca"]
[Result "0-1"]
[Termination "normal"]
[Board "17"]
[WhiteElo "1073"]
[BlackElo "1473"]
[PlyCount "114"]
[WhiteFideId "16222237"]
[BlackFideId "16236890"]
[EventCountry "GER"]
[EventRounds "11"]
[EventType "swiss"]
[EventDate "2017.06.03"]

1. e4 e5 2. Nf3 Nc6 3. d4 exd4 4. Nxd4 Bc5 5. Be3 Qf6 6. c3 Nge7 7. Qd2 d6 8.
Bb5 Bd7 9. Nxc6 Bxe3 10. Qxe3 Nxc6 11. Nd2 O-O 12. O-O Rfe8 13. Rfe1 Ne5 14.
Bxd7 Nxd7 15. Qf3 Qxf3 16. Nxf3 Re7 17. Re2 Rae8 18. Rae1 f5 19. Nd2 d5 20. f3
fxe4 21. fxe4 Nc5 22. e5 Nd3 23. Rb1 Rxe5 24. Rxe5 Rxe5 25. Nf3 Re2 26. Rd1
Nxb2 27. Rxd5 Na4 28. Rd8+ Kf7 29. Rd7+ Re7 30. Ng5+ Ke8 31. Rd3 h6 32. Nf3 Re2
33. Nd4 Rxa2 34. Re3+ Kf7 35. Rf3+ Kg6 36. Rg3+ Kf6 37. Rf3+ Ke5 38. Re3+ Kd5
39. Nb5 c6 40. Nc7+ Kc4 41. Ne8 Nxc3 42. Nd6+ Kd4 43. Nf5+ Kc4 44. Nd6+ Kb4 45.
Nxb7 Ra1+ 46. Kf2 Nd1+ 47. Kf3 Nxe3 48. Kxe3 c5 49. Kd3 Ra2 50. Nd6 Rxg2 51. h4
g5 52. hxg5 hxg5 53. Ne4 c4+ 54. Kd4 Rg4 55. Ke3 Rxe4+ 56. Kxe4 c3 57. Kd3 Kb3
0-1

[Event "DEM U12w 2017"]
[Site "Willingen GER"]
[Date "2017.06.04"]
[Round "1"]
[White "Gehrke, Gina Celina"]
[Black "Gossing, Marie-Sophie"]
[Result "1/2-1/2"]
[Termination "normal"]
[Board "18"]
[WhiteElo "1435"]
[BlackElo "1033"]
[PlyCount "112"]
[WhiteFideId "16205979"]
[BlackFideId "16217284"]
[EventCountry "GER"]
[EventRounds "11"]
[EventType "swiss"]
[EventDate "2017.06.03"]

1. d4 d5 2. e3 Nf6 3. Bd3 e6 4. Nd2 Bd6 5. f4 Nbd7 6. Ngf3 O-O 7. Ne5 Re8 8.
O-O c6 9. Rf3 h6 10. c3 Bc7 11. Qe1 Re7 12. Qh4 Nxe5 13. fxe5 Nd7 14. Rg3 Re8
15. Qxh6 Kf8 16. Qxg7+ Ke7 17. Bg6 Rf8 18. Rf3 Qe8 19. b3 c5 20. e4 Kd8 21.
Bxf7 Qe7 22. exd5 exd5 23. Nf1 Bxe5 24. Qg5 Bf6 25. Qxd5 Rxf7 26. Bg5 Rf8 27.
Bxf6 Rxf6 28. Rxf6 Qxf6 29. Ng3 Qc6 30. Qg8+ Kc7 31. d5 Qb6 32. c4 Qf6 33. Rb1
Qd4+ 34. Kh1 b6 35. Qg6 Bb7 36. h3 Qf6 37. Qe4 Rg8 38. Rf1 Qg6 39. Qxg6 Rxg6
40. Ne4 Bc8 41. h4 Rg4 42. Nf6 Rxh4+ 43. Kg1 Rd4 44. Nxd7 Bxd7 45. Rf2 Rd1+ 46.
Kh2 b5 47. Rf4 Rd2 48. a3 Ra2 49. cxb5 Rxa3 50. b4 Rc3 51. g4 Rc2+ 52. Kg3 c4
53. g5 Be8 54. Rf6 Rd2 55. g6 Rd3+ 56. Kf4 Bxg6 1/2-1/2

[Event "DEM U12w 2017"]
[Site "Willingen GER"]
[Date "2017.06.04"]
[Round "1"]
[White "Yakovleva, Lara"]
[Black "Werner, Rosalie"]
[Result "0-1"]
[Termination "normal"]
[Board "19"]
[WhiteElo "944"]
[BlackElo "1397"]
[PlyCount "64"]
[WhiteFideId "16244788"]
[BlackFideId "16223748"]
[EventCountry "GER"]
[EventRounds "11"]
[EventType "swiss"]
[EventDate "2017.06.03"]

1. e4 e6 2. d4 d5 3. Nc3 Nf6 4. e5 Nfd7 5. Nf3 c5 6. Bb5 Qb6 7. Be3 Nc6 8. O-O
a6 9. Na4 Qxb5 10. c3 cxd4 11. Bxd4 Nxd4 12. Nxd4 Qc4 13. b3 Qc7 14. f4 b5 15.
Nb2 Qxc3 16. Rb1 Bc5 17. Kh1 Qxd4 18. Nd3 Bb7 19. Nxc5 Qxc5 20. Qf3 O-O 21.
Rbc1 Qb6 22. f5 Nxe5 23. Qe2 Nd7 24. fxe6 fxe6 25. Rxf8+ Rxf8 26. Rf1 Rxf1+ 27.
Qxf1 Nf6 28. Qe1 Qd6 29. Qh4 d4 30. Qe1 Ng4 31. Kg1 Qxh2+ 32. Kf1 Qxg2# 0-1